| 000 | 00940naa a2200253 c 4500 | ||
|---|---|---|---|
| 001 | 26112 | ||
| 003 | ES-MaCES | ||
| 005 | 20150724120120.0 | ||
| 008 | 931223n1987 sp ||| | spa d | ||
| 035 | _aCES19980000459v | ||
| 040 |
_aES-MaCES _bspa _cES-MaCES |
||
| 100 | 1 |
_aRodríguez-Sañudo Gutiérrez, Fermín _922450 |
|
| 245 | 1 | 0 |
_aFlexibilización de la jornada de trabajo, normas legales y normas convenidas _cFermín Rodríguez-Sañudo Gutiérrez |
| 650 | 4 |
_aEspaña _926964 |
|
| 650 | 4 |
_aflexibilidad del trabajo _930174 |
|
| 650 | 4 |
_anegociación colectiva _928362 |
|
| 650 | 4 |
_ahoras de trabajo _928335 |
|
| 653 | 1 | 0 | _aRelaciones laborales-Empleo |
| 650 | 4 |
_929516 _areducción de la duración del trabajo |
|
| 773 | 0 |
_tDocumentación laboral _gMadrid. - N. 22 (mayo.-ag. 1987) ; p. 11-33 _w(ES-MaCES)25160 |
|
| 902 | _aART Artículo de revista | ||
| 942 |
_2CES _cAR _h2.0. |
||
| 999 |
_c26112 _d26112 |
||